CS:GO players with multiple entries in hltv's top 20 lists - Statistics

General Stats
  • This quiz has been taken 148 times
  • The average score is 28 of 38
Answer Stats
Year Player % Correct
2016-2020 s1mple
96%
2013-2016 GeT_RiGhT
95%
2016-2018 coldzera
91%
2013-2017 kennyS
91%
2013-2015,2017-2020 dupreeh
88%
2013-2016 f0rest
88%
2016-2017 FalleN
88%
2019-2020 ZywOo
88%
2016-2020 NiKo
87%
2014-2020 device
86%
2013-2015 JW
83%
2014-2017 olofmeister
83%
2013-2016 flusha
81%
2016,2018-2019 magisk
81%
2016-2017 fer
80%
2013,2017-2018 Xyp9x
80%
2013-2018 GuardiaN
79%
2013-2016 shox
79%
2018-2020 electronic
77%
2013-2014 pasha
76%
2014-2017 Snax
76%
2014-2015 apEX
75%
2013-2014 friberg
75%
2018-2020 ropz
75%
2017-2018 rain
74%
2014-2015,2018-2020 KRiMZ
71%
2013-2015 NBK
71%
2014-2015 Happy
70%
2017-2020 EliGe
69%
2018-2019 Twistzz
67%
2015-2016 flamie
63%
2018-2019 NAF
61%
2013,2016 ScreaM
61%
2016-2017 Kjaerbye
53%
2019-2020 jks
46%
2019-2020 Brehze
36%
2019-2020 Brollan
36%
2017-2018 oskar
30%
No matching quizzes found
Score Distribution
Percent of People with Each Score
Percentile by Number Answered
Your Score History
You have not taken this quiz